000 00560nam a22001577a 4500
003 OSt
008 260629b |||||||| |||| 00| 0 eng d
020 _a9789394023567
082 _a635.0491
_bS94C
245 _aClimate Change & Abiotic Stresses in Horticultural Crops/ by A. Subbiah...[et al.]
260 _aNew Delhi:
_bInternational Books & Periodicals Supply Service,
_c2024
300 _aix, 557 p
650 _aAgriculture and related technologies | Technology (Applied sciences) | Disease control | Fruit
700 _aSubbiah, A.
942 _2ddc
_cBK
999 _c52479
_d52479